zpět

Detail výsledku týmu

Dno pytle - Vinohrady, Praha

Datum a čas kvízu

31.5 Celkem bodů Celkový počet nahraných bodů na tomto kvízu bez doplňovacích otázek.
6. Pořadí na kvízu Konečné umístění týmu na tomto kvízu.

Zaznamenané odpovědi

# Otázka Odpověď Body Výsledky
1. Automobilka Škoda v minulém tý... Laurin & Klement Kampus 1
2. Vědci představili revoluční zp... hlavy 1
3. Jak se nazývá literární festiv... Svět knihy 0
4. Vermontská státní univerzita u... kočkou (kocourem) 1
5. Jak se jmenuje 23letý český te... Tomáš Macháč 1
6. Středověk bývá obvykle ohranič... D 0
7. Jak se jmenoval významný střed... Magna Carta (Magna charta libertatum) 1
8. Kdo byl zakladatelem a prvním... Bořivoj 1
9. Vytvořte z těchto středověkých... 1B 2C 3A 4D 1
10. Závěrem tématu se podíváme na... tulipán 0